LITURGIA. AGOSTO SETTEMBRE 1995. N. 116-117. XLVI SETTIMANA LITURGICA NAZIONALE. CAL. NUOVA SERIE. (Record n. 333897)

Dettagli MARC
000 -LEADER
fixed length control field 01650nas a2200277Ia 4500
001 - CONTROL NUMBER
control field R052-S5727
003 - CONTROL NUMBER IDENTIFIER
control field IT-CnALBA
008 - FIXED-LENGTH DATA ELEMENTS--GENERAL INFORMATION
fixed length control field 170116c99999999xx |||||||||||| ||und||
040 ## - CATALOGING SOURCE
Original cataloging agency IT-CnALBA
Transcribing agency IT-CnALBA
041 ## - LANGUAGE CODE
Language code of text/sound track or separate title ITALIANO
999 ## - SYSTEM CONTROL NUMBERS (KOHA)
Koha Dewey Subclass [OBSOLETE] NO
100 ## - MAIN ENTRY--PERSONAL NAME
Personal name DI STEFANO ALFREDO
210 ## - ABBREVIATED TITLE
Abbreviated title LITURGIA
222 ## - KEY TITLE
Key title LITURGIA
245 #0 - TITLE STATEMENT
Title LITURGIA. AGOSTO SETTEMBRE 1995. N. 116-117. XLVI SETTIMANA LITURGICA NAZIONALE. CAL. NUOVA SERIE.
250 ## - EDITION STATEMENT
Edition statement 1a ed.
260 ## - PUBLICATION, DISTRIBUTION, ETC. (IMPRINT)
Place of publication, distribution, etc. ROMA
Name of publisher, distributor, etc. CAL, CENTRO AZIONE LITURGICA
Date of publication, distribution, etc. 1995 [1° Ed.:1995 - Ed.Ling.Originale: 1995]
300 ## - PHYSICAL DESCRIPTION
Extent 100 p.
310 ## - CURRENT PUBLICATION FREQUENCY
Current publication frequency MENSILE
362 ## - DATES OF PUBLICATION AND/OR SEQUENTIAL DESIGNATION
Dates of publication and/or sequential designation Fascicolo: 8 / Anno: 29 (1995)
500 ## - GENERAL NOTE
General note LITURGIA E NUOVA EVANGELIZZAZIONE. LUNEDI'', QUALE RISPOSTA ALLA DOMANDA RELIGIOSA ATTUALE. INTRONIZZAZIONE DEL VANGELO. CELEBRAZIONI LODI. EUCARISTIA, MARTEDI'' 22 AGOSTO. MERCOLEDI'' 23 AGOSTO. ADATTAMENTO E ANIMAZIONE DELLA LITURGIA PER UNA CELEBRAZIONE PIÙ EVANGELIZZANTE. V GRUPPI DI INTERESSE. GIOVEDÌ 24 AGOSTO. L'ANNO LITURGICO, ITINERARIO DI FEDE PER UNA NUOVA EVANGELIZZAZIONE.
501 ## - WITH NOTE
With note Società San Paolo EM - Piazza San Paolo, 14 - 12051 ALBA (CN) (non commercial uses only) ® Copyright 2017
520 ## - SUMMARY, ETC.
Summary, etc. LITURGIA E NUOVA EVANGELIZZAZIONE. LUNEDI'', QUALE RISPOSTA ALLA DOMANDA RELIGIOSA ATTUALE. INTRONIZZAZIONE DEL VANGELO. CELEBRAZIONI LODI. EUCARISTIA, MARTEDI'' 22 AGOSTO. MERCOLEDI'' 23 AGOSTO. ADATTAMENTO E ANIMAZIONE DELLA LITURGIA PER UNA CELEBRAZIONE PIÙ EVANGELIZZANTE. V GRUPPI DI INTERESSE. GIOVEDÌ 24 AGOSTO. L'ANNO LITURGICO, ITINERARIO DI FEDE PER UNA NUOVA EVANGELIZZAZIONE.
650 ## - SUBJECT ADDED ENTRY--TOPICAL TERM
Topical term or geographic name as entry element CULTO PUBBLICO LITURGIA
942 ## - ADDED ENTRY ELEMENTS (KOHA)
Koha item type RIVISTA
957 ## -
-- 1
999 ## - SYSTEM CONTROL NUMBERS (KOHA)
-- 1
Dati di copia
Withdrawn status Lost status Damaged status Not for loan Home library Current library Date acquired Total Checkouts Full call number Date last seen Price effective from Koha item type Public note
    Buone Condizioni Not For Loan ALBA - Biblioteca ALBA - Biblioteca 16/01/2017   R052-S5727 16/01/2017 16/01/2017 RIVISTA (data import: 16 gennaio 2017) - By Epidotti, Vaglietti.
CREDITS: SOCIETA' SAN PAOLO Via A.Severo, 58 - ROMA (RM) & PERIODICI SAN PAOLO SRL Via Giotto, 36 MILANO & CISF Via Giotto, 36 MILANO & EDIZIONI SAN PAOLO SRL,  Piazza Soncino, 5 CINISELLO BALSAMO (MI) -- ITALY